[Event "GRE-ch U12 Attiki"]
[Site "Peristeri"]
[Date "2022.06.27"]
[Round "4"]
[White "Vasileiou, Evangelos Symeon"]
[Black "Banas, Stylianos"]
[Result "0-1"]
[WhiteElo "1037"]
[BlackElo "1155"]
[PlyCount "114"]
[EventDate "2022.06.24"]
[EventType "swiss"]
[EventRounds "7"]
[EventCountry "GRE"]
[SourceTitle "EXT 2023"]
[Source "ChessBase"]
[SourceDate "2022.10.05"]
[SourceVersion "1"]
[SourceVersionDate "2022.10.05"]
[SourceQuality "1"]

1. e4 e5 2. Nf3 Nc6 3. Bc4 g6 4. d3 h6 5. d4 exd4 6. Nxd4 Bg7 7. Nxc6 bxc6 8. Nc3 Ne7 9. Be3 Bb7 10. Bd4 0-0 11. Bxg7 Kxg7 12. Qd4+ Kh7 13. 0-0-0 d6 14. Rhf1 Ng8 15. f4 c5 16. Qd3 Qf6 17. Nd5 Bxd5 18. Bxd5 Rab8 19. Bb3 Ne7 20. Rde1 Rbd8 21. e5 dxe5 22. fxe5 Qg5+ 23. Qe3 Qxe3+ 24. Rxe3 Nf5 25. Rc3 c4 26. Bxc4 Rde8 27. g4 Nd4 28. Rd3 Ne6 29. Rd7 Kg8 30. Rf6 Nd8 31. Rxc7 Rxe5 32. Rxa7 Kg7 33. Rd6 Re4 34. Bb3 Rxg4 35. Ra8 Nb7 36. Rxf8 Nxd6 37. Rd8 Ne4 38. c3 Nc5 39. Rd4 Rxd4 40. cxd4 Nxb3+ 41. axb3 Kf6 42. Kd2 Ke6 43. Kd3 Kd5 44. Ke3 g5 45. Kf3 Kxd4 46. Kg4 Ke4 47. b4 f5+ 48. Kg3 f4+ 49. Kf2 Kd4 50. b3 Kd5 51. Kf3 Kc6 52. h4 Kb5 53. hxg5 hxg5 54. Kg4 Kxb4 55. Kxg5 f3 56. Kg4 f2 57. Kf3 f1Q+ 0-1